000 00382nam a2200145Ia 4500
008 100122s9999 xx 000 0 und d
082 _b66476
_a823
100 _aनाईक गुरुनाथ
245 _aसमशेर
260 _bगीता एजन्सीज
_c2004
300 _a184
630 _aसमशेर
730 _aसमशेर
942 _cBOOK
999 _c439007
_d439004